Otvorené nebo

Bibliographic Details
Main Author: Gális, Tomáš, 1976- (Author)
Format: Article
Language:Slovak
PhysicalDescription:Fotogr.
ISSN:1336-5932
Subjects:

MARC

LEADER 00000nab a2200000 a 4500
001 vtls008960908
003 SK-MaSNL
005 20260304051227.0
008 140515c2007 xo wr|p|||||||000 b|slo
015 |a SNBRB2007/04  |2 snkbucl 
040 |a SNKBUCL  |b slo  |c SNKBUCL  |e AACR2 
041 0 |a slo 
044 |a xo  |c SK 
080 |a 656.7  |x (4:73)  |2 2001 
100 1 |a Gális, Tomáš,  |d 1976-  |4 aut  |9 205984 
245 1 0 |a Otvorené nebo  |c Tomáš Gális 
300 |b Fotogr. 
610 2 7 |a Európska únia  |2 snkbucl  |9 29861 
650 0 7 |a letecká doprava  |2 snkbucl  |9 50044 
650 0 7 |a dopravcovia  |2 snkbucl  |9 267460 
650 0 7 |a transatlantický letecký trh  |2 snkbucl  |9 1333084 
651 7 |a Spojené štáty americké  |2 snkbucl  |9 18262 
773 0 |t Týždeň  |g Roč. IV, č. 13 (2007), s. 36-39  |x 1336-5932 
852 |a SNK  |b KIS3GCP 
958 |a US 
999 |c 2702506  |d 2704436